[Event "AUT-chT2O 0001"]
[Site "Austria"]
[Date "2001.??.??"]
[Round "6"]
[White "Wirius, Johannes"]
[Black "Wukits, Rene"]
[Result "0-1"]
[WhiteElo "2235"]
[BlackElo "2345"]
[PlyCount "104"]
[EventDate "2000.??.??"]
[EventType "team"]
[EventRounds "11"]
[EventCountry "AUT"]
[SourceTitle "EXT 2003"]
[Source "ChessBase"]
[SourceDate "2002.11.25"]
[SourceVersion "1"]
[SourceVersionDate "2002.11.25"]
[SourceQuality "1"]

1. d4 Nf6 2. c4 e6 3. Nf3 d5 4. Nc3 Be7 5. g3 0-0 6. Bg2 dxc4 7. Qa4 a6 8. Qxc4 b5 9. Qb3 Bb7 10. 0-0 Nbd7 11. Rd1 c5 12. Bf4 Qb6 13. e3 Rac8 14. Rd2 Rfd8 15. Rad1 c4 16. Qc2 b4 17. Na4 Qb5 18. Nc5 Nxc5 19. dxc5 Rxd2 20. Qxd2 Qxc5 21. Bd6 Bxd6 22. Qxd6 Qxd6 23. Rxd6 c3 24. bxc3 bxc3 25. Nd4 Bxg2 26. Kxg2 Ne8 27. Rxa6 c2 28. Nxc2 Rxc2 29. a4 Kf8 30. Ra8 Ke7 31. a5 Nc7 32. Rc8 Rc5 33. g4 Na6 34. Ra8 Rxa5 35. h4 h6 36. f4 Ra2+ 37. Kf3 Nb4 38. Rb8 Nc6 39. Rg8 Kf6 40. Rc8 Rc2 41. Ke4 Nb4 42. Rb8 Rc4+ 43. Kf3 Kg6 44. Rb7 Nd5 45. Rd7 Rc3 46. f5+ Kf6 47. g5+ hxg5 48. hxg5+ Kxf5 49. Rxf7+ Kg6 50. Rd7 Rxe3+ 51. Kg4 Re5 52. Kh4 Ne3 0-1

[Event "AUT-chT2M 9900"]
[Site "Austria"]
[Date "2000.02.13"]
[Round "9.4"]
[White "Riediger, Martin"]
[Black "Wirius, Johannes"]
[Result "1-0"]
[WhiteElo "2266"]
[BlackElo "2240"]
[PlyCount "77"]
[EventDate "1999.??.??"]
[EventType "team"]
[EventRounds "11"]
[EventCountry "AUT"]
[SourceTitle "EXT 2004"]
[Source "ChessBase"]
[SourceDate "2003.11.25"]
[SourceVersion "1"]
[SourceVersionDate "2003.11.25"]
[SourceQuality "1"]

1. d4 e6 2. c4 f5 3. g3 Nf6 4. Bg2 c5 5. Nf3 cxd4 6. Nxd4 Be7 7. 0-0 0-0 8. Nc3 a6 9. b3 Nc6 10. Bb2 Rb8 11. e3 Ne5 12. Qe2 Qe8 13. e4 f4 14. gxf4 Ng6 15. f5 Nf4 16. Qf3 N6h5 17. Nce2 Nxe2+ 18. Nxe2 d5 19. Ng3 Nf6 20. cxd5 exd5 21. e5 Ne4 22. Qd3 Qb5 23. Rad1 Bxf5 24. Nxf5 Rxf5 25. Qxd5+ Qxd5 26. Rxd5 Nc5 27. Bd4 b6 28. Be3 Re8 29. b4 Na4 30. Be4 Rff8 31. Bd2 Rd8 32. Rc1 Kf7 33. f4 g6 34. Rc7 Ke6 35. Rc6+ Kf7 36. Kf2 Kg7 37. Rc7 Kf7 38. Rd6 Rc8 39. Bd5+ 1-0

[Event "AUT-chT2M 9900"]
[Site "Austria"]
[Date "2000.02.12"]
[Round "8.5"]
[White "Huch, Reiner"]
[Black "Wirius, Johannes"]
[Result "1/2-1/2"]
[WhiteElo "2161"]
[BlackElo "2240"]
[PlyCount "96"]
[EventDate "1999.??.??"]
[EventType "team"]
[EventRounds "11"]
[EventCountry "AUT"]
[SourceTitle "EXT 2004"]
[Source "ChessBase"]
[SourceDate "2003.11.25"]
[SourceVersion "1"]
[SourceVersionDate "2003.11.25"]
[SourceQuality "1"]

1. d4 Nf6 2. Bg5 c5 3. dxc5 Na6 4. Nc3 Nxc5 5. Bxf6 gxf6 6. e4 Bg7 7. Bc4 d6 8. Qh5 0-0 9. Nge2 Bd7 10. Ng3 Rc8 11. Be2 Ne6 12. Nf5 Nf4 13. Qg4 Bxf5 14. Qxf4 Be6 15. 0-0 Rc5 16. Bd3 Qa5 17. Rad1 Rg5 18. Kh1 Kh8 19. Qe3 Bh6 20. f4 Rg7 21. Qe1 Bg4 22. Be2 Qh5 23. Rd3 Rfg8 24. Rg3 e5 25. Rxg4 Rxg4 26. Nd5 Qg6 27. f5 Qg5 28. Bxg4 Qxg4 29. Qf2 Bg5 30. Qf3 Qh4 31. Nc3 Bf4 32. Qh3 Qxh3 33. gxh3 Rc8 34. Rf2 Bc1 35. Nd1 Rc4 36. Re2 Rd4 37. Nc3 Bxb2 38. Nd5 Rd1+ 39. Kg2 Kg7 40. c3 Bc1 41. Kf3 Bg5 42. Kg4 Rd3 43. h4 Bf4 44. Kh5 Rh3 45. Kg4 Rd3 46. Kh5 Rh3 47. Kg4 Rd3 48. Kh5 Rh3 1/2-1/2

[Event "AUT-chT2O 0001"]
[Site "Austria"]
[Date "2000.??.??"]
[Round "3"]
[White "Wandl, Werner"]
[Black "Wirius, Johannes"]
[Result "1-0"]
[WhiteElo "2160"]
[BlackElo "2235"]
[PlyCount "109"]
[EventDate "2000.??.??"]
[EventType "team"]
[EventRounds "11"]
[EventCountry "AUT"]
[SourceTitle "EXT 2003"]
[Source "ChessBase"]
[SourceDate "2002.11.25"]
[SourceVersion "1"]
[SourceVersionDate "2002.11.25"]
[SourceQuality "1"]

1. e4 e6 2. d4 d5 3. exd5 exd5 4. Nf3 Bd6 5. c4 c6 6. Nc3 Ne7 7. Bg5 f6 8. Be3 Be6 9. c5 Bc7 10. b4 0-0 11. Qd2 Nd7 12. Bf4 a5 13. b5 Ng6 14. Bxc7 Qxc7 15. b6 Qb8 16. g3 Bg4 17. Bg2 Qe8+ 18. Ne2 Qe6 19. 0-0 Qf5 20. Qc3 Rfe8 21. Rae1 Re4 22. Nc1 Rae8 23. Re3 a4 24. Rfe1 Ndf8 25. Nd2 Rxe3 26. Rxe3 Rxe3 27. Qxe3 Qc2 28. Nf1 Bd7 29. Qd2 Qb1 30. Qc3 Ne6 31. Nd2 Qf5 32. Nf3 h5 33. a3 Qb1 34. Nd2 Qf5 35. Nf3 Qb1 36. Bf1 Qf5 37. Qd3 Ne7 38. Qxf5 Nxf5 39. Bh3 Nh6 40. Bxe6+ Bxe6 41. Nd3 Bg4 42. Nd2 Be2 43. Nb4 Bb5 44. Nb1 Nf5 45. Nc3 Nxd4 46. Nxb5 Nxb5 47. Nxc6 Nxa3 48. Ne7+ Kf7 49. c6 Nc2 50. cxb7 a3 51. b8Q a2 52. Qa7 a1Q+ 53. Qxa1 Nxa1 54. Nxd5 Nb3 55. b7 1-0

[Event "AUT-chT2O 9798"]
[Site "Austria"]
[Date "1998.??.??"]
[Round "9"]
[White "Amberger, Dieter"]
[Black "Wirius, Johannes"]
[Result "0-1"]
[WhiteElo "2110"]
[BlackElo "2250"]
[PlyCount "73"]
[EventDate "1997.??.??"]
[EventType "team"]
[EventRounds "13"]
[EventCountry "AUT"]
[SourceTitle "EXT 1999"]
[Source "ChessBase"]
[SourceDate "1998.11.16"]
[SourceVersion "1"]
[SourceVersionDate "1998.11.16"]
[SourceQuality "1"]

1. e4 c6 2. d4 d5 3. Nd2 dxe4 4. Nxe4 Nd7 5. Bc4 e6 6. Nf3 Ngf6 7. Nxf6+ gxf6 8. Bf4 Nb6 9. Bb3 Nd5 10. Bg3 Bh6 11. 0-0 0-0 12. Re1 Ne7 13. h3 b6 14. c3 Bb7 15. Bc2 Qd5 16. Be4 Qh5 17. Qc2 Bg7 18. Rad1 f5 19. Bd3 Ng6 20. Be2 Qh6 21. Be5 c5 22. Qd2 Qxd2 23. Rxd2 Bh6 24. Rdd1 cxd4 25. Bd6 Rfd8 26. Rxd4 Bg7 27. Rdd1 Bd5 28. c4 Be4 29. Ba3 Nf4 30. Rxd8+ Rxd8 31. Bd1 Nd3 32. Re2 Nxb2 33. Bxb2 Rxd1+ 34. Kh2 Bh6 35. Be5 f6 36. Bb8 e5 37. Ng1 0-1

[Event "AUT-chT2O 9798"]
[Site "Austria"]
[Date "1997.12.08"]
[Round "6"]
[White "Bachmayer, Josef"]
[Black "Wirius, Johannes"]
[Result "0-1"]
[WhiteElo "2140"]
[BlackElo "2250"]
[PlyCount "64"]
[EventDate "1997.??.??"]
[EventType "team"]
[EventRounds "13"]
[EventCountry "AUT"]
[SourceTitle "EXT 1999"]
[Source "ChessBase"]
[SourceDate "1998.11.16"]
[SourceVersion "1"]
[SourceVersionDate "1998.11.16"]
[SourceQuality "1"]

1. d4 Nf6 2. Nc3 d5 3. Bg5 Nbd7 4. Nf3 e6 5. e4 dxe4 6. Nxe4 Be7 7. Bxf6 Nxf6 8. Nxf6+ Bxf6 9. Bd3 Bd7 10. Qe2 c5 11. Ne5 cxd4 12. Nxd7 Qa5+ 13. c3 Kxd7 14. 0-0 Ke7 15. cxd4 Rad8 16. Be4 Rxd4 17. Bxb7 Rb8 18. Bf3 Rd2 19. Qe4 g6 20. Rac1 Bxb2 21. Rc6 Rbd8 22. Qc4 Bd4 23. Ra6 Qc5 24. Qxc5+ Bxc5 25. Rc6 Bb6 26. a4 Ra2 27. Rfc1 Bxf2+ 28. Kf1 Bb6 29. R6c4 Rdd2 30. Rc8 Rf2+ 31. Ke1 Ba5+ 32. Kd1 Rf1# 0-1

[Event "AUT-chT2O 9596"]
[Site "Austria"]
[Date "1996.??.??"]
[Round "9"]
[White "Schirmbeck, Hannes"]
[Black "Wirius, Johannes"]
[Result "1-0"]
[WhiteElo "2175"]
[BlackElo "2305"]
[PlyCount "61"]
[EventDate "1995.??.??"]
[EventType "team"]
[EventRounds "11"]
[EventCountry "AUT"]
[SourceTitle "EXT 1999"]
[Source "ChessBase"]
[SourceDate "1998.11.16"]
[SourceVersion "1"]
[SourceVersionDate "1998.11.16"]
[SourceQuality "1"]

1. Nf3 b6 2. e4 Bb7 3. Nc3 e6 4. d4 Bb4 5. Bd3 Nf6 6. Qe2 c5 7. 0-0 cxd4 8. Nxd4 Nc6 9. Nxc6 dxc6 10. e5 Nd7 11. Qg4 Bf8 12. Bf4 h5 13. Qe2 g5 14. Bd2 Be7 15. a4 Qc7 16. Rfe1 0-0-0 17. a5 Kb8 18. axb6 axb6 19. b4 g4 20. Ra4 h4 21. Bf4 Rdg8 22. Rea1 Bg5 23. Ra7 Bxf4 24. Ba6 Bxe5 25. Bxb7 Bxh2+ 26. Kh1 Qe5 27. Qd2 Qd6 28. Qxd6+ Bxd6 29. Bxc6 Ne5 30. Rb7+ Kc8 31. Ra8+ 1-0

[Event "AUT-chT2O 9596"]
[Site "Austria"]
[Date "1995.??.??"]
[Round "4"]
[White "Hofbauer, Martin"]
[Black "Wirius, Johannes"]
[Result "1-0"]
[WhiteElo "2275"]
[BlackElo "2305"]
[PlyCount "57"]
[EventDate "1995.??.??"]
[EventType "team"]
[EventRounds "11"]
[EventCountry "AUT"]
[SourceTitle "EXT 1999"]
[Source "ChessBase"]
[SourceDate "1998.11.16"]
[SourceVersion "1"]
[SourceVersionDate "1998.11.16"]
[SourceQuality "1"]

1. e4 e6 2. d4 d5 3. Nd2 Nf6 4. e5 Nfd7 5. Bd3 c5 6. c3 Nc6 7. Ne2 b6 8. 0-0 cxd4 9. cxd4 Nb4 10. Bb1 Ba6 11. Nf3 Rc8 12. a3 Nc6 13. Re1 Be7 14. Nf4 Na5 15. Bd2 Nc4 16. Bc3 Nxa3 17. Rxa3 Bxa3 18. Qa4 Bxb2 19. Bxb2 Bc4 20. Ba3 g6 21. Bd6 a5 22. h4 b5 23. Qd1 Nb6 24. Ng5 Qd7 25. Qf3 Ra8 26. Nh5 gxh5 27. Qf6 Rg8 28. Bxh7 Rf8 29. Qg7 1-0

[Event "AUT-chT2O 9495"]
[Site "Austria"]
[Date "1995.??.??"]
[Round "?"]
[White "Ploner, Ferdinand"]
[Black "Wirius, Johannes"]
[Result "0-1"]
[WhiteElo "2260"]
[BlackElo "2310"]
[PlyCount "63"]
[EventDate "1994.??.??"]
[EventType "team"]
[EventRounds "11"]
[EventCountry "AUT"]
[SourceTitle "EXT 1999"]
[Source "ChessBase"]
[SourceDate "1998.11.16"]
[SourceVersion "1"]
[SourceVersionDate "1998.11.16"]
[SourceQuality "1"]

1. e4 c5 2. Nc3 Nc6 3. g3 d6 4. Bg2 Nf6 5. d3 g6 6. f4 Bg7 7. Nf3 0-0 8. 0-0 Rb8 9. a4 a6 10. h3 b5 11. axb5 axb5 12. g4 b4 13. Ne2 Qb6 14. g5 Nh5 15. Nh4 Nd4 16. Kh2 e6 17. Qd2 Bb7 18. Nxd4 cxd4 19. Bf3 Nxf4 20. Bg4 e5 21. Qf2 d5 22. Bxf4 exf4 23. exd5 Bxd5 24. Qxf4 b3 25. Rac1 Rfe8 26. Qf2 Re3 27. Bf3 Qd6+ 28. Kg1 Be5 29. Bxd5 Qxd5 30. Nf3 Bf4 31. Rce1 bxc2 32. Nxd4 0-1

[Event "AUT-chT2O 9495"]
[Site "Austria"]
[Date "1995.??.??"]
[Round "?"]
[White "Wirius, Johannes"]
[Black "Boehm, Hermann"]
[Result "1-0"]
[WhiteElo "2310"]
[BlackElo "2215"]
[PlyCount "93"]
[EventDate "1994.??.??"]
[EventType "team"]
[EventRounds "11"]
[EventCountry "AUT"]
[SourceTitle "EXT 1999"]
[Source "ChessBase"]
[SourceDate "1998.11.16"]
[SourceVersion "1"]
[SourceVersionDate "1998.11.16"]
[SourceQuality "1"]

1. d4 Nf6 2. Nf3 g6 3. c4 Bg7 4. Nc3 0-0 5. Bf4 c5 6. d5 d6 7. Qd2 Qa5 8. e4 a6 9. Bd3 Bg4 10. 0-0 Bxf3 11. gxf3 Nbd7 12. Bh6 Ne5 13. Be2 b5 14. Bxg7 Kxg7 15. cxb5 axb5 16. f4 Nc4 17. Qc2 Rfb8 18. a4 Qb4 19. axb5 Nb6 20. Ra6 Ne8 21. Rfa1 f5 22. exf5 Qxf4 23. fxg6 hxg6 24. Qd3 Nc7 25. Ra7 Rf8 26. Qe3 Qxe3 27. fxe3 Rxa7 28. Rxa7 Ncxd5 29. Nxd5 Nxd5 30. Bc4 Nb6 31. Rxe7+ Kf6 32. Re6+ Kf5 33. e4+ Kg5 34. Bf1 Rd8 35. e5 Nc8 36. exd6 Nxd6 37. Re5+ Kf4 38. Rxc5 Rb8 39. Rc6 Nxb5 40. Rc4+ Kf3 41. Rb4 Rc8 42. Rxb5 Rc1 43. Rb3+ Kf4 44. Kf2 Rc2+ 45. Be2 g5 46. Rb8 Rd2 47. b4 1-0

[Event "AUT-chT2O 9596"]
[Site "Austria"]
[Date "1995.??.??"]
[Round "7"]
[White "Wirius, Johannes"]
[Black "Froeschl, Felix"]
[Result "0-1"]
[WhiteElo "2305"]
[BlackElo "2200"]
[PlyCount "150"]
[EventDate "1995.??.??"]
[EventType "team"]
[EventRounds "11"]
[EventCountry "AUT"]
[SourceTitle "EXT 1999"]
[Source "ChessBase"]
[SourceDate "1998.11.16"]
[SourceVersion "1"]
[SourceVersionDate "1998.11.16"]
[SourceQuality "1"]

1. e4 c5 2. Nf3 d6 3. c3 Nf6 4. e5 dxe5 5. Nxe5 e6 6. Bb5+ Nfd7 7. Qf3 Qf6 8. Qxf6 gxf6 9. Ng4 Bg7 10. d3 a6 11. Ba4 b5 12. Bc2 Bb7 13. 0-0 h5 14. Ne3 Nc6 15. Nd2 0-0-0 16. Ne4 Bf8 17. f4 Be7 18. Bd2 f5 19. Nf2 Nf6 20. Rae1 Ng4 21. Nfxg4 hxg4 22. Re2 Bf6 23. Be1 Ne7 24. Bg3 Rd7 25. Rd1 Bc6 26. Rf1 Kb7 27. Rb1 Ng6 28. Rf1 Bd8 29. Rff2 Bc7 30. Nf1 b4 31. Nd2 bxc3 32. bxc3 Ba5 33. Nb3 Bb6 34. c4 a5 35. Re1 a4 36. Nc1 Ba5 37. Ref1 Ka6 38. Re2 Bc3 39. Rd1 Bd4+ 40. Kf1 Rb7 41. Rde1 Rhb8 42. Rd1 Rb2 43. Rde1 Re8 44. Bd1 Rh8 45. Rxb2 Bxb2 46. Ne2 Nh4 47. Bxh4 Rxh4 48. Kg1 Ka5 49. Bc2 Kb4 50. Rd1 Rh8 51. Bb1 Bf6 52. Bc2 Ka3 53. Rd2 Rd8 54. Kf2 Kb4 55. Bb1 a3 56. Rd1 Bd4+ 57. Kg3 Ba4 58. Nxd4 cxd4 59. Rc1 Kc5 60. Bc2 Bxc2 61. Rxc2 Rb8 62. h4 gxh3 63. gxh3 Rb2 64. Rf2 Kb4 65. h4 Kc3 66. h5 Kxd3 67. h6 Kxc4 68. Rc2+ Rxc2 69. h7 d3 70. h8Q d2 71. Qc8+ Kd3 72. Qa6+ Rc4 73. Qxa3+ Rc3 74. Qa6+ Kc2+ 75. Kf2 d1Q 0-1